Thạch Lam tác phẩm chọn lọc

Tallennettuna:
Bibliografiset tiedot
Päätekijä: Thạch Lam
Aineistotyyppi: Kirja
Kieli:Undetermined
Julkaistu: Hà Nội Giáo dục Việt Nam 2009
Aiheet:
Tagit: Lisää tagi
Ei tageja, Lisää ensimmäinen tagi!
Thư viện lưu trữ: Trung tâm Học liệu Trường Đại học Cần Thơ
LEADER 00680nam a2200205Ia 4500
001 CTU_184012
008 210402s9999 xx 000 0 und d
020 |c 35000 
082 |a 895.9223009 
082 |b Th102 
100 |a Thạch Lam 
245 0 |a Thạch Lam tác phẩm chọn lọc 
245 0 |c Lê Dục Tú giới thiệu và tuyển chọn 
260 |a Hà Nội 
260 |b Giáo dục Việt Nam 
260 |c 2009 
650 |a Vietnamese literature,Vietnamese fiction,Văn học Việt Nam 
650 |x History and criticism,Lịch sử và phê bình 
904 |i Hải 
980 |a Trung tâm Học liệu Trường Đại học Cần Thơ